<?xml version="1.0" encoding="UTF-8"?>
<marc:record xmlns:marc="http://www.loc.gov/MARC21/slim">
   <marc:leader>00000nam a2200000 a 4500</marc:leader>
   <marc:datafield ind1="1" ind2=" " tag="100">
      <marc:subfield code="a">Flagg, Fannie</marc:subfield>
      <marc:subfield code="4">aut</marc:subfield>
      <marc:subfield code="e">Verfasser/-in</marc:subfield>
   </marc:datafield>
   <marc:datafield ind1="0" ind2="0" tag="245">
      <marc:subfield code="a">Die Reise nach Elmwood Springs</marc:subfield>
   </marc:datafield>
   <marc:datafield ind1="0" ind2="0" tag="245">
      <marc:subfield code="c">Flagg, Fannie</marc:subfield>
   </marc:datafield>
   <marc:datafield ind1=" " ind2="1" tag="264">
      <marc:subfield code="a">München</marc:subfield>
      <marc:subfield code="b">Ehrenwirth</marc:subfield>
      <marc:subfield code="c">1999</marc:subfield>
   </marc:datafield>
   <marc:datafield ind1="1" ind2=" " tag="520">
      <marc:subfield code="a">Amüsant, tragisch und unwiderstehlich - wieder glänzt Fannie Flagg mit Humor und Liebe zu ihren Figuren. Viele von ihnen leben in Kleinstädten, doch ihre Heldin ist dieses Mal ein Stadtmensch: eine kluge, schöne und ehrgeizige Frau, der aufstrebende Star des 70er Jahre Fernsehens. Dena Nordstrom, der Stolz des Senders, ist eine Frau mit vielversprechender Zukunft, einer Gegenwart voller Probleme und einer von einem Geheimnis geprägten Vergangenheit.</marc:subfield>
   </marc:datafield>
   <marc:datafield ind1=" " ind2=" " tag="020">
      <marc:subfield code="a">9783431035797</marc:subfield>
      <marc:subfield code="9">9783431035797</marc:subfield>
   </marc:datafield>
   <marc:datafield ind1=" " ind2=" " tag="020">
      <marc:subfield code="a">3431035795</marc:subfield>
      <marc:subfield code="9">3431035795</marc:subfield>
   </marc:datafield>
   <marc:datafield ind1=" " ind2=" " tag="041">
      <marc:subfield code="a">ger</marc:subfield>
   </marc:datafield>
   <marc:datafield ind1=" " ind2=" " tag="338">
      <marc:subfield code="a">Band</marc:subfield>
   </marc:datafield>
   <marc:datafield ind1=" " ind2=" " tag="300">
      <marc:subfield code="a">494</marc:subfield>
   </marc:datafield>
</marc:record>
